[Event "Open"]
[Site "Rethymno GRE"]
[Date "2009.07.14"]
[Round "4"]
[White "Kharitonov,Alexandr"]
[Black "Saptarshi,R"]
[Result "1-0"]
[WhiteElo "2534"]
[BlackElo "2413"]

1.d4 d5 2.c4 e6 3.Nc3 c6 4.e3 Nf6 5.Nf3 Nbd7 6.b3 Bb4 7.Bd2 O-O 8.Bd3 Qe7
9.O-O Bd6 10.Qc2 h6 11.Rfe1 dxc4 12.bxc4 Re8 13.Ne4 Bc7 14.Nxf6+ Qxf6 15.Bc3 e5
16.Bf5 Nb6 17.Bh7+ Kh8 18.dxe5 Qe6 19.Bd3 c5 20.Bb2 Bd7 21.Rac1 Ba4 22.Qb1 g6
23.Nd4 cxd4 24.exd4 Kh7 25.d5 Qd7 26.f4 Nxd5 27.cxd5 Bb6+ 28.Kh1 Qxd5 29.f5 Rg8
30.e6 g5 31.exf7 Rgf8 32.Bc4  1-0

[Event "Lake Sevan GM"]
[Site "Martuni ARM"]
[Date "2009.07.15"]
[Round "6"]
[White "Kotanjian,T"]
[Black "Ter Sahakyan,S"]
[Result "0-1"]
[WhiteElo "2580"]
[BlackElo "2480"]

1.d4 d5 2.c4 c6 3.Nc3 Nf6 4.e3 e6 5.Nf3 Nbd7 6.Qc2 Bd6 7.Bd3 O-O 8.O-O dxc4
9.Bxc4 a6 10.Rd1 b5 11.Be2 Qc7 12.e4 e5 13.g3 Re8 14.a3 exd4 15.Nxd4 Be5
16.Bf3 c5 17.Nf5 Nb6 18.a4 b4 19.a5 bxc3 20.axb6 Qxb6 21.bxc3 Rb8 22.Bd2 Qb3
23.Qc1 Bb7 24.Rb1 Qa4 25.Ra1 Qb3 26.Re1 g6 27.Nh6+ Kg7 28.g4 Qc4 29.Bf4 Qxc3
30.Bxe5 Qxe5 31.g5 Nxe4 32.Bxe4 Bxe4 33.Ng4 Qd4 34.Nf6 Re5 35.Qf4 Rb4 36.Rad1 Rxg5+
37.Qxg5 Qxf6 38.Qxc5  0-1

[Event "Open"]
[Site "Rethymno GRE"]
[Date "2009.07.15"]
[Round "5"]
[White "Turov,M"]
[Black "Sismanis,A"]
[Result "1-0"]
[WhiteElo "2561"]
[BlackElo "2194"]

1.d4 d5 2.c4 c6 3.Nc3 Nf6 4.e3 e6 5.Nf3 Nbd7 6.Qc2 Bd6 7.g4 h6 8.Bd2 Qe7
9.Rg1 dxc4 10.Bxc4 b5 11.Bd3 Bb7 12.e4 b4 13.Na4 c5 14.dxc5 Nxc5 15.e5 Bxf3
16.exd6 Nxd3+ 17.Qxd3 Qb7 18.Nc5 Qd5 19.Qxd5 Bxd5 20.Bxb4 Rc8 21.Rg3 a5 22.Ba3 Rc6
23.Nb3 a4 24.Nc5 O-O 25.Nxa4 Ne4 26.Rd3 Rd8 27.Nc3 Nxc3 28.Rxc3 Rxc3 29.bxc3 Kf8
30.Bb4 Ke8 31.a4 Bf3 32.Kd2 Kd7 33.Ke3 Bd5 34.a5 e5 35.a6 Ke6 36.a7 Ra8 37.Ra6 Kd7
38.Ra5 Ke6 39.Bc5 Bc4 40.Ra4 Kd5 41.Bb6 Bb3 42.Rb4  1-0

[Event "ch-SUI"]
[Site "Graechen SUI"]
[Date "2009.07.16"]
[Round "8"]
[White "Illijin,N"]
[Black "Portmann,D"]
[Result "1-0"]
[WhiteElo "2246"]
[BlackElo "2086"]

1.Nf3 d5 2.d4 Nf6 3.c4 c6 4.e3 e6 5.Nc3 Nbd7 6.b3 Bd6 7.Be2 O-O 8.O-O b6
9.Bb2 Bb7 10.Qc2 c5 11.cxd5 cxd4 12.Nb5 Rc8 13.Qd1 Bb8 14.dxe6 fxe6 15.Nbxd4 Bd5
16.Rc1 Qe7 17.Ba6 Rc7 18.Rxc7 Bxc7 19.Bc4 Bxc4 20.bxc4 Ne4 21.Nc6 Qe8 22.Qd4 Ndf6
23.Nce5 Qa4 24.Ng4 Qxa2 25.Nxf6+ Nxf6 26.Ng5 Re8 27.Ne4 Bd8 28.Ra1 Qb3 29.Rxa7 Qc2
30.Ng3 e5 31.Qc3 Qd1+ 32.Nf1 Ne4 33.Qc1 Qe2 34.f3 Bg5 35.fxe4 Rf8 36.Ra1 Rf2
37.Qd1 Rxg2+ 38.Kh1 Qf2 39.Qd5+ Kf8 40.Ra8+ Ke7 41.Ra7+ Ke8 42.Qd7+ Kf8 43.Ra8+  1-0

[Event "Corporation Centre Cup"]
[Site "Izhevsk RUS"]
[Date "2009.07.16"]
[Round "2"]
[White "Nelyubin,G"]
[Black "Filipenko,A"]
[Result "1-0"]
[WhiteElo "2004"]
[BlackElo "2362"]

1.d4 d5 2.c4 c6 3.Nf3 Nf6 4.Nc3 e6 5.e3 Nbd7 6.Qc2 Bd6 7.b3 O-O 8.Bb2 e5
9.Be2 dxc4 10.bxc4 exd4 11.exd4 Re8 12.O-O Nf8 13.h3 Ng6 14.Rfe1 Bd7 15.Bf1 Qc7
16.Qb3 Rxe1 17.Rxe1 Re8 18.Rd1 h6 19.d5 a6 20.dxc6 bxc6 21.Na4 Ne5 22.c5 Nxf3+
23.Qxf3 Bh2+ 24.Kh1 Be5 25.Bxe5 Qxe5 26.Bxa6 Ra8 27.Nb6 Rxa6 28.Nxd7 Nxd7
29.Rxd7 Qe1+ 30.Kh2 Qe5+ 31.g3 f5 32.Rd8+ Kh7 33.Rf8 Qxc5 34.Rxf5 Qc2 35.Rf8 Rxa2
36.Qf7 Qc5 37.Qg8+ Kg6 38.Qe6+ Kh7 39.Qe4+ g6 40.Rf7+  1-0

[Event "Richard Riordan GM Blitz"]
[Site "Natanya ISR"]
[Date "2009.07.16"]
[Round "2"]
[White "Golod,V"]
[Black "Gelfand,B"]
[Result "0-1"]
[WhiteElo "2599"]
[BlackElo "2755"]

1.d4 d5 2.c4 e6 3.Nf3 Nf6 4.Nc3 c6 5.e3 Nbd7 6.Qc2 Bd6 7.Bd3 O-O 8.O-O dxc4
9.Bxc4 a6 10.Rd1 b5 11.Be2 Qc7 12.Ne4 Nxe4 13.Qxe4 Bb7 14.Bd3 g6 15.Qh4 c5
16.Ng5 Nf6 17.dxc5 Qxc5 18.Bd2 h5 19.Bc3 e5 20.Ne4 Nxe4 21.Bxe4 Be7 22.Bxb7 Bxh4
23.Rd5 Qb6 24.Bxa8 Rxa8 25.Bxe5 Rd8 26.Bd4 Qe6 27.Rxd8+ Bxd8 28.a4 Bf6 29.axb5 Bxd4
30.exd4 axb5  0-1

[Event "32nd Aegean Open"]
[Site "Aghios Kirykos GRE"]
[Date "2009.07.17"]
[Round "7"]
[White "Markus,Rob"]
[Black "Kempinski,R"]
[Result "1/2-1/2"]
[WhiteElo "2587"]
[BlackElo "2601"]

1.d4 d5 2.c4 c6 3.Nc3 Nf6 4.e3 e6 5.Nf3 a6 6.c5 b6 7.cxb6 Nbd7 8.Bd3 c5 9.O-O Nxb6
10.b3 Bb7 11.Ba3 cxd4 12.Bxf8 Kxf8 13.exd4 g6 14.Qe2 Kg7 15.Rac1 Qe7 16.Rc2 Rhc8
17.Rfc1 Qb4 18.h3 a5 19.Nb5 Rxc2 20.Rxc2 Rc8 21.a3 Qe7 22.Rxc8 Nxc8 23.Qe1 Qd8
24.Qe5 Ba6 25.a4 Bxb5 26.Bxb5 Nd6 27.g4 Kg8 28.Qf4 Nfe4  1/2-1/2

[Event "LTC Open A"]
[Site "Leiden NED"]
[Date "2009.07.17"]
[Round "7"]
[White "Ypma,P"]
[Black "Meijer,D"]
[Result "0-1"]
[WhiteElo "2012"]
[BlackElo "2200"]

1.c4 c6 2.Nc3 d5 3.d4 Nf6 4.Nf3 e6 5.e3 Nbd7 6.Bd3 dxc4 7.Bxc4 b5 8.Bd3 a6
9.O-O c5 10.e4 cxd4 11.Nxd4 Ne5 12.Bxb5+ axb5 13.Ndxb5 Qb6 14.Bf4 Nfd7 15.Qh5 g6
16.Qxe5 Nxe5 17.Bxe5 f6 18.Bxf6 Rg8 19.Be5 Rg7 20.Nd6+ Bxd6 21.Bxg7 Qc7 22.Bh6 Bxh2+
23.Kh1 Ra5 24.g4 Bf4  0-1

[Event "Open"]
[Site "Rethymno GRE"]
[Date "2009.07.17"]
[Round "7"]
[White "Svetushkin,D"]
[Black "Kharitonov,Alexandr"]
[Result "1/2-1/2"]
[WhiteElo "2607"]
[BlackElo "2534"]

1.d4 d5 2.c4 c6 3.Nc3 Nf6 4.e3 e6 5.Nf3 Nbd7 6.Qc2 Bd6 7.Bd3 O-O 8.O-O dxc4
9.Bxc4 a6 10.Rd1 b5 11.Be2 Qc7 12.Ne4 Nxe4 13.Qxe4 Re8 14.Bd2 Bb7 15.Rac1 e5
16.dxe5 Nxe5 17.Qh4 c5 18.Nxe5 Bxe5 19.Bc3 Bxc3 20.Rxc3 c4 21.Rc2 Rad8 22.Rcd2 Rxd2
23.Rxd2 Qb6 24.h3 h6 25.Rd4 Qg6 26.Bf1 Qe6 27.Qf4 Qe7 28.Qd6 Qxd6 29.Rxd6 Re6
30.Rd8+ Kh7 31.Rd7 Be4 32.Rxf7 Rd6 33.f3  1/2-1/2

[Event "32nd Taminco Open"]
[Site "Ghent BEL"]
[Date "2009.07.18"]
[Round "2"]
[White "Akesson,R"]
[Black "Kalmes,R"]
[Result "1-0"]
[WhiteElo "2469"]
[BlackElo "2010"]

1.d4 d5 2.c4 c6 3.Nc3 Nf6 4.e3 e6 5.Nf3 Be7 6.Bd3 dxc4 7.Bxc4 b5 8.Bd3 Nbd7
9.a3 a6 10.e4 e5 11.dxe5 Ng4 12.e6 fxe6 13.O-O O-O 14.Be2 Qb6 15.h3 Nge5
16.Nxe5 Nxe5 17.Be3 c5 18.a4 Bb7 19.axb5 axb5 20.Rxa8 Rxa8 21.b4 Nc6 22.Qd7 Kf7
23.Bxc5 Rd8 24.Qxe7+  1-0

[Event "Politiken Cup"]
[Site "Helsingor DEN"]
[Date "2009.07.18"]
[Round "1"]
[White "Aloma Vidal,R"]
[Black "Rasmussen,M2"]
[Result "1-0"]
[WhiteElo "2418"]
[BlackElo "1958"]

1.d4 d5 2.c4 c6 3.Nf3 Nf6 4.Nc3 e6 5.e3 Nbd7 6.Qc2 Be7 7.g4 h6 8.Bd2 Qc7
9.Rg1 e5 10.cxd5 cxd5 11.Bb5 exd4 12.Nxd4 Qxh2 13.O-O-O a6 14.Ba4 Qc7 15.g5 hxg5
16.Rxg5 g6 17.f4 b5 18.Bb3 Nb6 19.Rg2 Bd7 20.Kb1 O-O-O 21.f5 gxf5 22.Nxf5 Bxf5
23.Qxf5+ Qd7 24.Qf4 Qd6 25.Qf3 Nc4 26.Be1 Qe5 27.Rc2 Nxe3 28.Bg3 Rh3 29.Nxd5+ Nxc2
30.Nxe7+  1-0

[Event "Corporation Centre Cup"]
[Site "Izhevsk RUS"]
[Date "2009.07.18"]
[Round "4"]
[White "Shinkevich,V"]
[Black "Pushin,V"]
[Result "1-0"]
[WhiteElo "2518"]
[BlackElo "2338"]

1.c4 Nf6 2.Nc3 c6 3.d4 d5 4.e3 e6 5.Nf3 Nbd7 6.Bd3 a6 7.a4 dxc4 8.Bxc4 c5
9.O-O cxd4 10.exd4 Nb6 11.Bb3 Nbd5 12.Bg5 Be7 13.Ne5 O-O 14.Qf3 Nb4 15.Rad1 Nc6
16.Rfe1 Qb6 17.Ne4 Nxd4 18.Rxd4 Qxd4 19.Nxf6+ gxf6 20.Bxf6 Bxf6 21.Qxf6 Qd8
22.Qh6 f5 23.Re3 f4 24.Bc2 Qc7 25.Rc3 Qg7 26.Qxg7+ Kxg7 27.Rc7+ Kf6 28.Ng4+ Kg5
29.Rg7+ Kh4 30.g3+ fxg3 31.hxg3+ Kh5 32.f4  1-0

[Event "Corporation Centre Cup"]
[Site "Izhevsk RUS"]
[Date "2009.07.18"]
[Round "4"]
[White "Shestakov,D"]
[Black "Alavkin,A"]
[Result "0-1"]
[WhiteElo "2279"]
[BlackElo "2439"]

1.d4 d5 2.c4 c6 3.e3 Nf6 4.Nc3 e6 5.Nf3 Nbd7 6.Bd3 dxc4 7.Bxc4 b5 8.Be2 Bb7
9.a3 Bd6 10.b4 a5 11.Rb1 Qe7 12.Qb3 axb4 13.axb4 Nd5 14.Nxd5 exd5 15.O-O Ra4
16.Bd2 O-O 17.Ne1 Nb6 18.Nd3 Nc4 19.Bc1 Bc8 20.Nc5 Bxc5 21.dxc5 Bf5 22.Bd3 Rxb4
23.Qxb4 Bxd3 24.Bb2 Bxf1 25.Rxf1 Nxb2 26.Qxb2 Qxc5 27.Rc1 Qd6 28.h4 h6 29.Qd4 Rc8
30.Qb6 h5 31.g3 g6 32.Kf1 Kg7 33.Kg2 Qe6 34.Kg1 Kh7 35.Kg2 Kg7 36.Kg1 Qd6
37.Kf1 b4 38.Ke2 Rb8 39.Qxc6 Qxc6 40.Rxc6 b3 41.Rc1 b2 42.Rb1 Kf6 43.Kd1 Ke5  0-1

[Event "Quebec Open"]
[Site "Montreal CAN"]
[Date "2009.07.18"]
[Round "1"]
[White "Jancovic,P"]
[Black "Arngrimsson,D"]
[Result "0-1"]
[WhiteElo "2140"]
[BlackElo "2396"]

1.d4 d5 2.c4 c6 3.Nc3 Nf6 4.e3 e6 5.Nf3 Nbd7 6.Qc2 Bd6 7.b3 O-O 8.Be2 Qe7
9.O-O dxc4 10.bxc4 e5 11.Re1 Re8 12.a4 e4 13.Nd2 Nf8 14.c5 Bc7 15.Ba3 Ng6
16.Nc4 Qe6 17.Nd6 Bxd6 18.cxd6 Nh4 19.Rad1 Nxg2 20.d7 Qxd7 21.Kxg2 Qh3+ 22.Kg1 Bg4
23.Bxg4 Qxg4+ 24.Kf1 Qf3 25.Bd6 Re6 26.Bg3 Ng4 27.Kg1 Nxh2 28.Bxh2 Rg6+ 29.Kf1 Re8
30.Rb1 Rg2 31.Bd6 h5 32.Rxb7 h4 33.Reb1 h3 34.Ke1 Re6 35.Bf4 g5 36.Rb8+ Kg7
37.Bc7 g4 38.Qe2 h2 39.Bxh2 Rxh2 40.Qxf3 exf3 41.Nd1 g3 42.Kd2 g2 43.Nc3 Rh1
44.e4 Rf1  0-1

[Event "TCh Eur-Youth U18"]
[Site "Pardubice CZE"]
[Date "2009.07.18"]
[Round "3"]
[White "Aydogdu,E"]
[Black "Mraz,Ma"]
[Result "1-0"]
[WhiteElo "1998"]
[BlackElo "1813"]

1.d4 d5 2.c4 c6 3.Nf3 Nf6 4.Nc3 e6 5.e3 Nbd7 6.b3 Bd6 7.Bd3 O-O 8.O-O b6
9.Bb2 Bb7 10.Qe2 Re8 11.Rfd1 e5 12.dxe5 Nxe5 13.Nxe5 Bxe5 14.cxd5 Qc7 15.h3 Nxd5
16.Nxd5 cxd5 17.Rac1 Qe7 18.Qh5 g6 19.Qxe5 Qxe5 20.Bxe5 Rxe5 21.Rc7 Bc8 22.Bb5 Bf5
23.Bc6 Rc8 24.Rxc8+ Bxc8 25.Rxd5 Rxd5 26.Bxd5 Kf8 27.b4 Ke7 28.Kf1 Ba6+ 29.Ke1 f6
30.Be4 Bc4 31.a3 Kd6 32.f4 Bf7 33.Ke2 Bc4+ 34.Kf2 Bf7 35.h4 h6 36.Kg3 Ke6
37.Bc2 Be8 38.f5+ gxf5 39.Kf4 Bh5 40.Bb3+ Ke7 41.Kxf5 Be2 42.Kg6 h5 43.Bd5 Bg4
44.Bf3 Bd7 45.Bxh5  1-0

[Event "13th Battle of Senta Open A"]
[Site "Senta SRB"]
[Date "2009.07.18"]
[Round "1"]
[White "Sutorikhin,V"]
[Black "Ujhazi,M"]
[Result "0-1"]
[WhiteElo "2341"]
[BlackElo "2122"]

1.d4 d5 2.c4 c6 3.Nc3 Nf6 4.e3 e6 5.Nf3 Nbd7 6.Qc2 Bd6 7.Bd3 O-O 8.O-O dxc4
9.Bxc4 a6 10.a4 Rb8 11.Rd1 Qe7 12.h3 e5 13.Bb3 b5 14.Ng5 h6 15.Nge4 Kh8 16.Nxd6 Qxd6
17.Ne2 c5 18.axb5 axb5 19.dxc5 Qxc5 20.Bd2 b4 21.Rdc1 Qb6 22.Ra4 Qd6 23.Ng3 e4
24.Nf5 Qe5 25.Nd4 Qg5 26.Rxb4 Rxb4 27.Bxb4 Ne5 28.Bxf8 Bxh3 29.g3 Qh5 30.f3 exf3
31.Bd6 Nfg4 32.Qc8+ Kh7 33.Qf5+ Qxf5 34.Nxf5 f2+ 35.Kh1 Nd3 36.Ra1 Ne1  0-1

[Event "Najdorf Mem Open"]
[Site "Warsaw POL"]
[Date "2009.07.18"]
[Round "1"]
[White "Ivanov,Sergey1"]
[Black "Skawinski,A"]
[Result "0-1"]
[WhiteElo "2528"]
[BlackElo "2153"]

1.d4 d5 2.c4 c6 3.Nc3 Nf6 4.e3 e6 5.Nf3 Nbd7 6.Bd3 dxc4 7.Bxc4 b5 8.Bd3 a6
9.a4 Bb7 10.O-O b4 11.Ne4 c5 12.Nxf6+ Qxf6 13.a5 h6 14.Bc2 Bxf3 15.Qxf3 Qxf3
16.gxf3 cxd4 17.Rd1 Bc5 18.exd4 Bd6 19.Be4 Rb8 20.Bd3 Ra8 21.Bd2 Nf6 22.Rdc1 Kd7
23.Rc4 Rhc8 24.Rxc8 Kxc8 25.Ra4 Nd5 26.Bc4 Kc7 27.Bxd5 exd5 28.Bxb4 Bxb4
29.Rxb4 Rb8 30.Ra4 Rxb2 31.Ra1 Rb4 32.Rc1+ Kd7 33.Kg2 Rxd4 34.Rb1 Rc4 35.Rb7+ Rc7
36.Rb6 Rc6 37.Rb7+ Ke6 38.f4 d4 39.Kf3 f5 40.Rxg7 Kd5 41.Ke2 Ke4 42.Re7+ Kxf4
43.Kd3 Rc5 44.Re6 Rxa5 45.Rxh6 Kf3 46.h4 f4 47.h5 Rd5 48.Rxa6 Rxh5 49.Rf6 Rh4
50.Kxd4 Kxf2 51.Kd3 f3 52.Ra6 Kg2 53.Rg6+ Kf1 54.Ke3 f2 55.Rf6 Rh3+ 56.Kd2 Rh7
57.Rf8 Rg7  0-1

[Event "Najdorf Mem Open"]
[Site "Warsaw POL"]
[Date "2009.07.18"]
[Round "1"]
[White "Skwarczylo,M"]
[Black "Gasik,An"]
[Result "1-0"]
[WhiteElo "1960"]
[BlackElo "2216"]

1.d4 d5 2.Nf3 Nf6 3.c4 c6 4.e3 e6 5.Nc3 Nbd7 6.Bd3 dxc4 7.Bxc4 b5 8.Bd3 a6
9.e4 c5 10.d5 Qc7 11.dxe6 fxe6 12.O-O c4 13.Bc2 Bb7 14.Nd4 Nc5 15.Be3 e5
16.Nf5 g6 17.Nh6 Rd8 18.Qf3 Bg7 19.Rfd1 Nd3 20.Bxd3 cxd3 21.Bg5 Qd6 22.a3 Rf8
23.Qh3 Rd7 24.Qh4 Qd4 25.Be3 Qc4 26.f3 Nh5 27.Qe1 Nf4 28.Ng4 h5 29.Nf2 h4
30.h3 Kf7 31.Rd2 a5 32.Qd1 Rfd8 33.Rc1 b4 34.Bxf4 exf4 35.Nd5 Bxd5 36.Rxc4 Bxc4
37.axb4 Bd4 38.bxa5 Be3 39.Qa4 Bxd2 40.Qxc4+ Kg7 41.Kh2 Bxa5 42.Qe6 Bc7 43.Nxd3 Rxd3
44.Qe7+ Kh6 45.Qxh4+ Kg7 46.Qe7+ Kh6 47.Qxc7 g5 48.h4 Rd1 49.hxg5+ Kg6 50.Qe5 Rf8
51.Qe6+ Kg7 52.Qh6+ Kf7 53.g6+ Ke7 54.Qg7+ Ke8 55.Qe5+ Kd8 56.g7 Rg8 57.Qb8+  1-0

[Event "32nd Taminco Open"]
[Site "Ghent BEL"]
[Date "2009.07.19"]
[Round "4"]
[White "Akesson,R"]
[Black "Zouaghi,N"]
[Result "1-0"]
[WhiteElo "2469"]
[BlackElo "2136"]

1.Nf3 Nf6 2.c4 c6 3.d4 d5 4.e3 e6 5.Nc3 Be7 6.Bd3 Nbd7 7.O-O O-O 8.b3 b6
9.Bb2 Bb7 10.Qe2 Rc8 11.Rad1 Qc7 12.e4 dxe4 13.Nxe4 Nxe4 14.Qxe4 Nf6 15.Qh4 h6
16.c5 Nd5 17.Qe4 Nf6 18.Qe3 Nd5 19.Qe1 Nf4 20.Bb1 Nd5 21.Qe4 Nf6 22.Qc2 Rfd8
23.Ne5 Rd5 24.b4 bxc5 25.bxc5 Ba6 26.Rfe1 Rb8 27.Bc3 Qb7 28.h4 Bd8 29.a3 Bc7
30.Ba2 Rdd8 31.Nxf7 Kxf7 32.Bxe6+ Kf8 33.Qg6 Bf4 34.d5 Rxd5 35.Bxf6 Rxd1
36.Rxd1 Be2 37.Qh7  1-0

[Event "32nd Taminco Open"]
[Site "Ghent BEL"]
[Date "2009.07.19"]
[Round "4"]
[White "Geirnaert,S"]
[Black "Mazajchik,T"]
[Result "0-1"]
[WhiteElo "2364"]
[BlackElo "2230"]

1.d4 c6 2.c4 d5 3.Nf3 Nf6 4.Nc3 e6 5.e3 Bd6 6.Qc2 O-O 7.b3 Nbd7 8.Bb2 b6
9.Be2 Bb7 10.O-O Re8 11.Rfd1 Rc8 12.cxd5 exd5 13.Rdc1 Ne4 14.Bd3 Ndf6 15.h3 Nxc3
16.Qxc3 Ne4 17.Qe1 Ng5 18.Qe2 Rc7 19.Rc2 Qf6 20.Nxg5 Qxg5 21.Qg4 Qh6 22.Rac1 Bc8
23.Bf5 Qf6 24.Bxc8 Rexc8 25.a4 Qe6 26.Bc3 f5  0-1

[Event "Politiken Cup"]
[Site "Helsingor DEN"]
[Date "2009.07.19"]
[Round "2"]
[White "Kuzubov,Y"]
[Black "Kaster,M"]
[Result "1-0"]
[WhiteElo "2635"]
[BlackElo "2154"]

1.d4 d5 2.c4 e6 3.Nf3 Nf6 4.Nc3 c6 5.e3 Nbd7 6.b3 Bb4 7.Bd2 Bd6 8.Bd3 b6
9.O-O Bb7 10.Qc2 dxc4 11.bxc4 c5 12.Be2 Rc8 13.Rad1 Bb8 14.d5 exd5 15.cxd5 Bxd5
16.Nxd5 Nxd5 17.Qe4+ Ne7 18.Bc3 O-O 19.Qg4  1-0

[Event "Politiken Cup"]
[Site "Helsingor DEN"]
[Date "2009.07.19"]
[Round "2"]
[White "Tallaksen,L"]
[Black "Bruehl,A"]
[Result "0-1"]
[WhiteElo "2081"]
[BlackElo "2360"]

1.d4 d5 2.Nf3 Nf6 3.c4 c6 4.Nc3 e6 5.e3 Nbd7 6.Bd3 dxc4 7.Bxc4 b5 8.Bd3 Bb7
9.O-O b4 10.Ne4 Be7 11.Qe2 O-O 12.a3 bxa3 13.bxa3 c5 14.Ned2 cxd4 15.Nxd4 Nc5
16.Bb5 Rc8 17.f3 Nd5 18.Bb2 a6 19.Bc4 Na4 20.Bxd5 Qxd5 21.Ne4 f5 22.Ng3 f4
23.exf4 Bc5 24.Rad1 Rcd8 25.Kh1 Nxb2 26.Qxb2 Bxd4 27.Rxd4 Qxd4 28.Qxb7 Qd6
29.Qb3 Rxf4 30.Re1 Rd4 31.Rxe6 Rd1+ 32.Re1+ Kh8 33.Rf1 Qd3 34.Qxd3 R8xd3
35.Kg1 Rxf1+ 36.Kxf1 Rxa3 37.Ne4 a5 38.Ke2 Ra2+ 39.Nd2 a4 40.Kd3 a3 41.Nc4 Ra1
42.Kc2 a2 43.Kb2 Rc1  0-1

[Event "Quebec Open"]
[Site "Montreal CAN"]
[Date "2009.07.19"]
[Round "2"]
[White "Malaniuk,V"]
[Black "Georgiev,Vl"]
[Result "1/2-1/2"]
[WhiteElo "2563"]
[BlackElo "2530"]

1.d4 Nf6 2.c4 e6 3.Nf3 d5 4.Nc3 c6 5.e3 a6 6.b3 Bb4 7.Bd2 Nbd7 8.Bd3 O-O
9.O-O Qe7 10.Qc2 dxc4 11.bxc4 e5 12.Ng5 h6 13.Nge4 Nxe4 14.Nxe4 Bxd2 15.Nxd2 exd4
16.exd4 Qf6 17.Nb3 Rd8 18.f4 a5 19.a4 b6 20.c5 bxc5 21.dxc5 Nb8 22.Rad1 Be6
23.Bc4 Rxd1 24.Rxd1 Bxc4 25.Qxc4 Qe7 26.Qd4  1/2-1/2

[Event "Quebec Open"]
[Site "Montreal CAN"]
[Date "2009.07.19"]
[Round "3"]
[White "Jancovic,P"]
[Black "Jiang,L"]
[Result "1-0"]
[WhiteElo "2140"]
[BlackElo "2250"]

1.d4 d5 2.c4 e6 3.Nf3 Nf6 4.Nc3 c6 5.e3 Nbd7 6.Qc2 Be7 7.Bd3 dxc4 8.Bxc4 b5
9.Bd3 a6 10.e4 c5 11.e5 Ng4 12.Be4 Ra7 13.dxc5 Bxc5 14.O-O Rc7 15.Bg5 Be7
16.Bxe7 Qxe7 17.Nd5 Rxc2 18.Nxe7 Rc4 19.Nxc8 Rxc8 20.Bb7 Rb8 21.Bc6 Ke7 22.Bxd7 Kxd7
23.Rfd1+ Ke7 24.h3 Nh6 25.Rd6 Ra8 26.Rc1 Rhd8 27.Rc7+ Ke8 28.g4 Ng8 29.Rxd8+ Rxd8
30.Ra7 Ne7 31.Rxa6 Ng6 32.Ra3 Rd5 33.Re3 Nf4 34.h4 Nd3 35.b3 h6 36.a3 g6
37.Kg2 Kd7 38.Re4 Kc7 39.Kg3 Kb6 40.h5 gxh5 41.gxh5 Kc6 42.Re2 Rc5 43.Nd4+ Kb6
44.f4 Rd5 45.Nf3 Nc1 46.Re3 Kb7 47.b4 Rd1 48.Kf2 Rd5 49.Rc3 Nd3+ 50.Ke3 Nb2
51.Ke4 Na4 52.Rc1 Nb6 53.Nd4 Nc8 54.f5 f6 55.Rc5 Rxe5+ 56.Rxe5 Nd6+ 57.Kf4 fxe5+
58.Kxe5  1-0

[Event "17th Open"]
[Site "Saint Affrique FRA"]
[Date "2009.07.19"]
[Round "2"]
[White "Tupet,G"]
[Black "Flear,G"]
[Result "0-1"]
[WhiteElo "2036"]
[BlackElo "2490"]

1.d4 d5 2.Nf3 Nf6 3.c4 e6 4.Nc3 c6 5.e3 Nbd7 6.Bd3 dxc4 7.Bxc4 b5 8.Bd3 Bb7
9.e4 b4 10.Na4 c5 11.e5 Nd5 12.O-O h6 13.Re1 Rc8 14.Bd2 c4 15.Be4 c3 16.bxc3 Nxc3
17.Nxc3 bxc3 18.Bxb7 cxd2 19.Qxd2 Rb8 20.Rab1 a5 21.d5 Bb4 22.Rxb4 axb4 23.dxe6 fxe6
24.Bc6 Qc7 25.Qd6 Qxd6 26.exd6 Kd8 27.Rxe6 Rb6 28.Bd5 Nf6 29.Bb3 Re8 30.Nd4 g6
31.g3 Rxe6 32.Nxe6+ Kc8 33.Nf8 g5 34.d7+ Kd8 35.Ba4 Ne4 36.Kg2 Rf6 37.Nh7 Rxf2+
38.Kh3 h5 39.g4 Rf7 40.gxh5  0-1

[Event "Najdorf Mem GMA"]
[Site "Warsaw POL"]
[Date "2009.07.19"]
[Round "2"]
[White "Krasenkow,M"]
[Black "Nyback,T"]
[Result "0-1"]
[WhiteElo "2631"]
[BlackElo "2627"]

1.Nf3 d5 2.d4 Nf6 3.c4 c6 4.Nc3 e6 5.e3 Nbd7 6.Qc2 Bd6 7.g4 h6 8.h3 b5 9.cxd5 exd5
10.Bd3 Bb7 11.a3 a6 12.e4 dxe4 13.Nxe4 Nxe4 14.Bxe4 Qc7 15.Be3 Nf6 16.Nd2 O-O
17.O-O-O Rfe8 18.Bf3 Rac8 19.Nb3 Nd5 20.Bxd5 cxd5 21.Qxc7 Rxc7+ 22.Kd2 f5
23.gxf5 Rf7 24.Rhg1 Rxf5 25.Rg6 Bf4 26.Rdg1 Re7 27.R1g2 Bc8 28.Nc5 Kh7 29.Nd3 Bc7
30.h4 Rh5 31.Nf4 Rxh4 32.Nxd5 Rd7 33.Nxc7 Rxc7 34.Rg1 Bf5 35.Rxa6 Rc2+ 36.Kd1 Rxb2
37.Rc6 g5 38.Re1 Be4 39.Re6 Ra2 40.Kc1 Bd5 41.Rb6 Bc4 42.Kb1 Rxa3 43.Bxg5 hxg5
44.Re7+ Kh8 45.Rb8+ Bg8 46.d5 Rh6 47.Ree8 Rg6 48.Re6 Ra6 49.Rxa6 Rxa6 50.Rxb5 Rd6  0-1

[Event "Najdorf Mem Open"]
[Site "Warsaw POL"]
[Date "2009.07.19"]
[Round "2"]
[White "Bugajski,R"]
[Black "Zadlo,T"]
[Result "1-0"]
[WhiteElo "2193"]
[BlackElo "2076"]

1.d4 d5 2.Nf3 Nf6 3.c4 c6 4.Nc3 e6 5.e3 Nbd7 6.Qc2 Bd6 7.b3 O-O 8.Be2 b6
9.O-O Bb7 10.Bb2 Rc8 11.Rad1 Qe7 12.e4 dxe4 13.Nxe4 Nxe4 14.Qxe4 f5 15.Qe3 c5
16.dxc5 Bxc5 17.Bd4 Bxf3 18.Qxf3 Nf6 19.Bb2 Rcd8 20.Bd3 Rd7 21.Rde1 Qf7 22.h3 Rfd8
23.Bb1 a5 24.Bc3 Rd6 25.Bc2 Qh5 26.Qg3 Qg6 27.Qf3 Qh5 28.Qf4 Qg6 29.Rd1 Qf7
30.Rxd6 Bxd6 31.Qf3 Bc5 32.Re1 Qd7 33.Qe2 Kf7 34.Rd1 Qc7 35.Rxd8 Qxd8 36.Qe5 Bd6
37.Qe3 Bc5 38.Qg5 Bxf2+ 39.Kf1 Bd4 40.Qd2 e5 41.Bxf5 Qd6 42.g4 g6 43.Bc2 Nd7
44.Be4 Qf6+ 45.Kg2 Nc5 46.Bd5+ Kg7 47.g5 Qf5 48.Bxd4 exd4 49.Qxd4+ Kf8 50.Qh8+ Ke7
51.Qxh7+ Kd6 52.Qh4 Nd7 53.Be4  1-0

[Event "61st ch-MNE"]
[Site "Cetinje MNE"]
[Date "2009.07.20"]
[Round "10"]
[White "Kosic,D"]
[Black "Ivanovic,B"]
[Result "1/2-1/2"]
[WhiteElo "2488"]
[BlackElo "2415"]

1.d4 d5 2.c4 e6 3.Nc3 c6 4.e3 Nf6 5.Nf3 Nbd7 6.Qc2 Bd6 7.b3 O-O 8.Be2 dxc4
9.bxc4 e5 10.O-O Re8 11.a4 a5 12.Rd1  1/2-1/2

[Event "Politiken Cup"]
[Site "Helsingor DEN"]
[Date "2009.07.20"]
[Round "4"]
[White "Peschardt,S"]
[Black "Wimo,J"]
[Result "1-0"]
[WhiteElo "2102"]
[BlackElo "1843"]

1.d4 d5 2.Nf3 c6 3.c4 e6 4.Nc3 Nf6 5.e3 Nbd7 6.Bd3 dxc4 7.Bxc4 b5 8.Bd3 a6
9.O-O Bb7 10.Qe2 c5 11.b3 Be7 12.Bb2 O-O 13.Rfd1 Qb6 14.Rac1 Rac8 15.Ne5 h6
16.Nxd7 Nxd7 17.dxc5 Nxc5 18.Bb1 b4 19.Na4 Nxa4 20.bxa4 Rfd8 21.Rxc8 Bxc8
22.Bd4 Bc5 23.Bxc5 Rxd1+ 24.Qxd1 Qxc5 25.Qd8+  1-0

[Event "Politiken Cup"]
[Site "Helsingor DEN"]
[Date "2009.07.20"]
[Round "4"]
[White "Pedersen,Stef"]
[Black "Haarr,J"]
[Result "1-0"]
[WhiteElo "2435"]
[BlackElo "2110"]

1.d4 d5 2.c4 c6 3.Nc3 Nf6 4.e3 e6 5.Nf3 Nbd7 6.Qc2 Bd6 7.e4 Bb4 8.cxd5 exd5
9.e5 Ne4 10.Bd3 f5 11.exf6 Ndxf6 12.O-O O-O 13.Ne5 Be6 14.f3 Qb6 15.Be3 Nxc3
16.bxc3 Bd6 17.Rfe1 c5 18.Qf2 Rac8 19.Rab1 Qc7 20.Qh4 b6 21.Bd2 Rce8 22.g4 Bf7
23.g5 Nh5 24.g6 hxg6 25.Nxg6 Rxe1+ 26.Rxe1 Bxg6 27.Bxg6 Nf6 28.Bf5 Kf7 29.Bg5 Qd8
30.Be6+ Ke7 31.Bf5+ Kf7 32.Bxf6 Qxf6 33.Qh5+ g6 34.Qh7+ Qg7 35.Bxg6+ Kf6
36.Re6+ Kxe6 37.Qxg7 Rxf3 38.Bh5 Bf8 39.Qg8+  1-0

[Event "17th Open"]
[Site "Saint Affrique FRA"]
[Date "2009.07.20"]
[Round "4"]
[White "Prost,F"]
[Black "Gozzoli,Y"]
[Result "0-1"]
[WhiteElo "2147"]
[BlackElo "2498"]

1.d4 d5 2.c4 e6 3.Nc3 c6 4.e3 Nf6 5.Nf3 Nbd7 6.Qc2 Bd6 7.g4 O-O 8.g5 Ne4
9.Nxe4 dxe4 10.Nd2 f5 11.gxf6 Nxf6 12.c5 Bc7 13.Nxe4 Nxe4 14.Qxe4 Ba5+ 15.Kd1 Rxf2
16.Bc4 Qg5 17.Be2 e5 18.Rf1 Bf5 19.Qxe5 Rxf1+ 20.Bxf1 Qg4+ 21.Be2 Qg1+  0-1

[Event "13th Battle of Senta Open A"]
[Site "Senta SRB"]
[Date "2009.07.20"]
[Round "4"]
[White "Damjanovic,D"]
[Black "Barcsi,J"]
[Result "1-0"]
[WhiteElo "2230"]
[BlackElo "2033"]

1.d4 d5 2.c4 c6 3.Nc3 e6 4.e3 Nf6 5.Nf3 Bd6 6.Qc2 Nbd7 7.b3 b6 8.cxd5 exd5
9.Bd3 O-O 10.O-O c5 11.dxc5 bxc5 12.Bb2 Bb7 13.h3 Rc8 14.Rfd1 Re8 15.Nb5 Bb8
16.Bf5 Ne4 17.Nc3 Nef6 18.Ne2 Ne4 19.Nd2 Rc7 20.Nxe4 dxe4 21.Qc3 f6 22.Qc4+ Kh8
23.Nf4 Qe7 24.Nd5 Bxd5 25.Qxd5 Nb6 26.Qxe4 Qxe4 27.Bxe4 c4 28.Bc2 cxb3 29.Bxb3 Nc4
30.Bd4 Na5 31.Rdc1 Rec8 32.Rxc7 Rxc7 33.Bd5 Rc2 34.Rb1 Bd6 35.Bxa7  1-0

[Event "Politiken Cup"]
[Site "Helsingor DEN"]
[Date "2009.07.21"]
[Round "5"]
[White "Andersen,Cl"]
[Black "Svendsen,Pet"]
[Result "0-1"]
[WhiteElo "1829"]
[BlackElo "1993"]

1.d4 d5 2.c4 c6 3.Nf3 Nf6 4.e3 e6 5.Nc3 Nbd7 6.Bd3 Bd6 7.c5 Bc7 8.b4 e5 9.Nxe5 Nxe5
10.dxe5 Bxe5 11.Qc2 d4 12.f4 Bc7 13.Ne2 dxe3 14.Bxe3 O-O 15.O-O Bg4 16.Ng3 Re8
17.Bd2 Qd4+ 18.Kh1 Rad8 19.Bxh7+ Nxh7 20.Bc3 Qc4 21.Qb2 Bxf4  0-1

[Event "TCh Eur-Youth U18"]
[Site "Pardubice CZE"]
[Date "2009.07.21"]
[Round "6"]
[White "Kazimova,N"]
[Black "Halvax,G"]
[Result "1/2-1/2"]
[WhiteElo "2218"]
[BlackElo "2260"]

1.Nf3 Nf6 2.c4 e6 3.Nc3 d5 4.d4 c6 5.e3 Nbd7 6.Bd3 dxc4 7.Bxc4 b5 8.Bd3 a6
9.a4 Bb7 10.axb5 cxb5 11.Qe2 Bb4 12.e4 Qb6 13.Bd2 Rd8 14.O-O O-O 15.e5 Bxf3
16.Qxf3 Qxd4 17.exf6 Nxf6 18.Ne2 Qxb2 19.Bxb4 Qxb4 20.Rxa6 Rd5 21.Nc3 Rc5
22.Ne4 Nxe4 23.Qxe4 Qxe4 24.Bxe4 Rb8 25.Ra8 Rxa8 26.Bxa8 b4 27.g3 f5 28.Rb1 Rc4
29.Kf1 Kf7 30.Ke2 Kf6 31.Kd3 Rc3+ 32.Kd2 Rc4 33.Bb7 Ke5 34.Ba6 Rd4+ 35.Kc2 h5
36.Kb3 h4 37.Bc4 Rd2 38.Re1+ Kd4 39.Be2 Kc5 40.gxh4 e5 41.h5 e4 42.h3 f4
43.Bg4 Rd3+ 44.Kb2 Kd4 45.Bf5 Rd2+ 46.Kb3 e3 47.fxe3+ fxe3 48.Bg4 Rf2 49.Re2 Rxe2
50.Bxe2 Ke4 51.Kxb4 Kf4 52.Kc5 Kg5 53.Kd4 g6  1/2-1/2